000 00965nam a2200313Ic 4500
001 57943
003 CO-BoRNBP
005 20250813192949.0
007 ta
008 141031s2011 MX a g 000 0 spa
020 _a9789681668747
040 _aCO-BoRNBP
_bspa
_erda
_cCO-BoRNBP
041 _aspa
082 0 _a522.2
_bM14t
100 _aMalacara H., Daniel
_eaut
_962110
245 1 0 _aTelescopios y estrellas /
_cDaniel Malacara, Juan Manuel Malacara.
250 _aTercera edición
264 1 _aMéxico :
_bFondo de Cultura Económica,
_c2011
300 _a175 páginas :
_bilustraciones
336 _atexto
_btxt
_2rdacontent
337 _asin mediación
_bn
_2rdamedia
338 _avolumen
_bnc
_2rdacarrier
500 _aIncluye bibliografía
650 0 7 _aEstrellas
_2lemb
_94605
650 0 7 _aTelescopios
_2LEMB
_962111
650 0 7 _aAstronomia
_xaparatos e instrumentos
_2LEMB
_962112
700 _aMalacara D., Juan Manuel
_962113
942 _2ddc
_cBK
999 _c57943
_d57943